Elektromobily u nás a v rámci V4: prinesú čistejšie ovzdušie?

Elektromobily získavajú na popularite a zavádzajú sa rôzne opatrenia pre podporu ich predaja. Na Slovensku podporuje štát ich obstaranie do výšky 5 000 Eur, v ostatných krajinách môžu majitelia získať rôzne daňové úľavy. Predstavujú však tieto vozidlá riešenie z pohľadu zlepšovania kvality ovzdušia?...

Ausführliche Beschreibung

Gespeichert in:
Bibliographische Detailangaben
1. Verfasser: Petríková, Kristína
Format: Buchkapitel
Sprache:Slowakisch
Schlagworte:
Tags: Tag hinzufügen
Keine Tags, Fügen Sie das erste Tag hinzu!

MARC

LEADER 00000naa a2200000 4500
001 0226277
005 20240502073722.5
041 0 |a slo 
044 |a SK 
245 1 0 |a Elektromobily u nás a v rámci V4: prinesú čistejšie ovzdušie?  |c Kristína Petríková 
520 |a Elektromobily získavajú na popularite a zavádzajú sa rôzne opatrenia pre podporu ich predaja. Na Slovensku podporuje štát ich obstaranie do výšky 5 000 Eur, v ostatných krajinách môžu majitelia získať rôzne daňové úľavy. Predstavujú však tieto vozidlá riešenie z pohľadu zlepšovania kvality ovzdušia? To závisí od energetického mixu krajiny, ako aj nahliadania na riziká jednotlivých zdrojov energie. 
610 2 0 |a podpora predaja 
610 2 0 |a politika hospodárska 
610 2 0 |a elektromobily 
610 2 0 |a podpora štátna 
610 2 0 |a ochrana prostredia životného 
610 2 0 |a ochrana ovzdušia 
100 1 |a Petríková, Kristína